The World Bank and the environment : (Record no. 328785)
[ view plain ]
| 000 -LEADER | |
|---|---|
| fixed length control field | 01477cas a2200409 a 4500 |
| 001 - CONTROL NUMBER | |
| control field | 11391385 |
| 003 - CONTROL NUMBER IDENTIFIER | |
| control field | Nust |
| 005 - DATE AND TIME OF LATEST TRANSACTION | |
| control field | 20170417121537.0 |
| 007 - PHYSICAL DESCRIPTION FIXED FIELD--GENERAL INFORMATION | |
| fixed length control field | t| |
| 008 - FIXED-LENGTH DATA ELEMENTS--GENERAL INFORMATION | |
| fixed length control field | 900726d19901993dcuar 0 a0eng c |
| 010 ## - LIBRARY OF CONGRESS CONTROL NUMBER | |
| LC control number | 91656036 |
| Canceled/invalid LC control number | sn 90001255 |
| 022 ## - INTERNATIONAL STANDARD SERIAL NUMBER | |
| International Standard Serial Number | 1014-8132 |
| ISSN-L | 1014-8132 |
| Source | 0 |
| 035 ## - SYSTEM CONTROL NUMBER | |
| System control number | (OCoLC)ocm22148550 |
| 040 ## - CATALOGING SOURCE | |
| Original cataloging agency | NSDP |
| Transcribing agency | NSDP |
| Modifying agency | DLC |
| -- | MH |
| -- | InU |
| -- | WaU |
| -- | NST |
| -- | WaU |
| -- | NIC |
| -- | MH |
| -- | MiU |
| -- | MH |
| -- | DLC |
| -- | WaU |
| -- | InU |
| -- | OCoLC |
| 042 ## - AUTHENTICATION CODE | |
| Authentication code | nsdp |
| -- | pcc |
| 050 00 - LIBRARY OF CONGRESS CALL NUMBER | |
| Classification number | HC79.E5 |
| Item number | W666 |
| 082 00 - DEWEY DECIMAL CLASSIFICATION NUMBER | |
| Classification number | 363.7 WBE |
| Edition number | 20 |
| 210 0# - ABBREVIATED TITLE | |
| Abbreviated title | World Bank environ. |
| 222 #4 - KEY TITLE | |
| Key title | The World Bank and the environment |
| 245 04 - TITLE STATEMENT | |
| Title | The World Bank and the environment : |
| Remainder of title | annual report / |
| Statement of responsibility, etc. | The World Bank. |
| 260 ## - PUBLICATION, DISTRIBUTION, ETC. | |
| Place of publication, distribution, etc. | Washington, D.C. : |
| Name of publisher, distributor, etc. | The Bank, |
| Date of publication, distribution, etc. | c1990-1993. |
| 300 ## - PHYSICAL DESCRIPTION | |
| Extent | 102p. ; |
| Dimensions | 23 cm. |
| 310 ## - CURRENT PUBLICATION FREQUENCY | |
| Current publication frequency | Annual |
| 362 0# - DATES OF PUBLICATION AND/OR SEQUENTIAL DESIGNATION | |
| Dates of publication and/or sequential designation | 1st (fiscal 1990)-fiscal 1993. |
| 500 ## - GENERAL NOTE | |
| General note | Subtitle varies. |
| 501 ## - WITH NOTE | |
| With note | P.B |
| 590 ## - LOCAL NOTE (RLIN) | |
| Local note | SERBIB/SERLOC merged record |
| 610 20 - SUBJECT ADDED ENTRY--CORPORATE NAME | |
| Corporate name or jurisdiction name as entry element | World Bank |
| Form subdivision | Periodicals. |
| 650 #0 - SUBJECT ADDED ENTRY--TOPICAL TERM | |
| Topical term or geographic name entry element | Environmental policy |
| Form subdivision | Periodicals. |
| 650 #0 - SUBJECT ADDED ENTRY--TOPICAL TERM | |
| Topical term or geographic name entry element | Environmental protection |
| Form subdivision | Periodicals. |
| 710 2# - ADDED ENTRY--CORPORATE NAME | |
| Corporate name or jurisdiction name as entry element | World Bank. |
| 785 00 - SUCCEEDING ENTRY | |
| Title | World Bank Group and the environment |
| International Standard Serial Number | 1025-6881 |
| Record control number | (DLC)sn 95032976 |
| -- | (OCoLC)31459526 |
| 906 ## - LOCAL DATA ELEMENT F, LDF (RLIN) | |
| a | 7 |
| b | cbc |
| c | serials |
| d | 2 |
| e | ncip |
| f | 19 |
| g | n-oclcserc |
| 942 ## - ADDED ENTRY ELEMENTS (KOHA) | |
| Source of classification or shelving scheme | |
| Koha item type | Book |
| Call number prefix | 363.7 WBE |
| Withdrawn status | Lost status | Source of classification or shelving scheme | Damaged status | Not for loan | Collection code | Permanent Location | Current Location | Shelving location | Date acquired | Total Checkouts | Full call number | Barcode | Date last seen | Price effective from | Koha item type |
|---|---|---|---|---|---|---|---|---|---|---|---|---|---|---|---|
| Institute of Environmental Science and Engineering (IESE) | Institute of Environmental Science and Engineering (IESE) | General Stacks | 04/17/2017 | 363.7 WBE | IESE-2503 | 04/17/2017 | 04/17/2017 | Book |
